000 00816cam a22002654a 4500
999 _c2529
_d2529
001 9807
003 BD-DhUAP
005 20200225160723.0
008 200225s2006 it a bc 000 0deng d
020 _a8876242694
020 _a9788876242694
040 _aItFiC
_cItFiC
_dBD-DhUAP
_bEng
042 _alccopycat
082 _223
_a720.92 CAP
100 1 _aCapitanucci, Maria Vittoria.
245 1 0 _aDPA Dominique Perrault architecture :
_brecent works /
_cMaria Vittoria Capitanucci.
250 _a1st ed.
260 _aMilano :
_bSkira,
_cc2006.
300 _a223 pages :
_billustrations ;
_c21 cm.
504 _aIncludes bibliographical references.
600 1 0 _aPerrault, Dominique
_vCatalogs.
650 _aPerrault, Dominique.
_xCriticism and interpretation.
650 _aArchitecture.
942 _2ddc
_cBK